000 00713nam a2200265Ia 4500
003 OSt
005 20220918165359.0
006 a|||||r|||| 00| 0
007 ta
008 220917b |||||||| |||| 00| 0 eng d
020 _a521 07768 0
024 _a147
037 _cTextual
040 _aARTS
_cARTS
_beng
041 _2eng
_aeng
082 _aO111,6J15x, L0
100 _aAscham Roger
245 0 _aEnglish works ed by William Aldis Wright
260 _aLondon
_bCambridge Uni. Press UK
_c1970
300 _a304p.
_ccm.
490 _aCambridge English Classics
650 _aENGLISH LITERATURE
942 _hO111,6J15x, L0
_cTEXL
_2CC
999 _c129594
_d129594